000 00717nam a2200289Ia 4500
005 20260324142553.0
008 008 260324s9999 xx 000 0 eng d
020 _a9780203985502
037 _aEBOOK
040 _aCRL
040 _beng
040 _cCRL
041 _2eng
041 _aeng
084 _qCRL
100 _aB. Czarniawska-Joerges; P. de Monthoux
_91212440
245 0 _aGood Novels, Better Management
245 0 _bReading Organizational Realities in Fiction
260 _bTaylor and Francis
260 _c1994
365 _a
365 _b180
856 _uhttp://www.taylorfrancis.com/books/9780203985502
942 _cEBOOK
999 _c1816774
_d1816774